000 00315nam a2200121Ia 4500
008 240624s9999 xx 000 0 und d
041 _aeng
082 _a658.15 GUP
100 _aGUPTA J B
245 _aSTRATEGIC FINANCIAL MANAGEMENT
260 _c2010
_aNew Delhi
_bTaxmann Publications Pvt. Ltd.
365 _cRS
_b28
999 _c16663
_d16663